| 000 -LEADER |
| fixed length control field |
00397 a2200133 4500 |
| 003 - CONTROL NUMBER IDENTIFIER |
| control field |
OSt |
| 005 - DATE AND TIME OF LATEST TRANSACTION |
| control field |
20231223163637.0 |
| 008 - FIXED-LENGTH DATA ELEMENTS--GENERAL INFORMATION |
| fixed length control field |
231223b ||||| |||| 00| 0 eng d |
| 020 ## - INTERNATIONAL STANDARD BOOK NUMBER |
| International Standard Book Number |
9783848008339 |
| 100 ## - MAIN ENTRY--PERSONAL NAME |
| Personal name |
Borngässer Klein, Barbara, |
| Dates associated with a name |
1951- |
| 245 ## - TITLE STATEMENT |
| Title |
Madrid und der Prado : |
| Remainder of title |
Kunst und Architektur = Madrid and the Prado : art and architecture |
| 260 ## - PUBLICATION, DISTRIBUTION, ETC. (IMPRINT) |
| Name of publisher, distributor, etc |
Hf Ullmann |
| Date of publication, distribution, etc |
2015 |
| 942 ## - ADDED ENTRY ELEMENTS (KOHA) |
| Source of classification or shelving scheme |
|